000 00444nam a2200157 i 4500
001 95212
003 ES-MaACL
005 20230906181646.0
007 t|
008 050524s1972 sp ||||1| spa d
100 1 _aLumen, Christian.
_974739
245 1 0 _a¿Entre la vida y la muerte? /
_cChristian Lumen [Seud.].
260 _aMadrid :
_b[s.n.],
_c1972 (
_fGráf. Benzal)
300 _a129 p. ;
_c19 cm.
852 _aES-MaACL
_jC-50180
_bR.83755
999 _c95212
_d95212